Добавочные потери от искажений синусоидальности тока в линиях электропередачи; Локальная энергетика: опыт, проблемы, перспективы развития

Dades bibliogràfiques
Parent link:Локальная энергетика: опыт, проблемы, перспективы развития.— 2011.— С. 11-14
Autor principal: Боровиков В. С. Вячеслав Сергеевич
Idioma:rus
Publicat: 2011
Matèries:
Format: MixedMaterials Capítol de llibre
KOHA link:https://koha.lib.tpu.ru/cgi-bin/koha/opac-detail.pl?biblionumber=238282

MARC

LEADER 00000naa2a2200000 4500
001 238282
005 20231031205120.0
035 |a (RuTPU)RU\TPU\book\259469 
035 |a RU\TPU\book\259460 
090 |a 238282 
100 |a 20130523d2011 k y0rusy50 ca 
101 0 |a rus 
102 |a RU 
200 1 |a Добавочные потери от искажений синусоидальности тока в линиях электропередачи  |f В. С. Боровиков 
320 |a Библиогр.: 2 (назв.) 
463 0 |0 (RuTPU)RU\TPU\book\250271  |t Локальная энергетика: опыт, проблемы, перспективы развития  |o сборник материалов научно-практической конференции, 2011 г., г. Томск  |f ЯкутскЭнерго, ОАО "СахаЭнерго"; Российская академия наук (РАН), Сибирское отделение (СО), Институт физико-технических проблем Севера (ИФТПС)  |v С. 11-14  |d 2011  |p 98 с. 
610 1 |a труды учёных ТПУ 
610 1 |a синусоидальный ток 
610 1 |a искажения 
610 1 |a добавочные потери 
610 1 |a линии электропередачи 
610 1 |a энергосистемы 
700 1 |a Боровиков  |b В. С.  |c специалист в области технологий ресурсосбережения  |c инженер Томского политехнического универсиета  |f 1986-  |g Вячеслав Сергеевич  |2 stltpush  |3 (RuTPU)RU\TPU\pers\28035 
801 1 |a RU  |b 63413507  |c 20130523 
801 2 |a RU  |b 63413507  |c 20130523  |g RCR 
942 |c BK